000 01364cam a22003374a 4500
001 14078990
003 OSt
005 20180116192418.0
008 050818s2006 nyua 001 0 eng
010 _a 2005024127
020 _a1402718764
020 _a9781402718762
035 _a(OCoLC)ocm61309366
035 _a(OCoLC)61309366
040 _aDLC
_cDLC
_dIG#
_dBAKER
_dOCO
_dVP@
_dQBX
_dDLC
042 _apcc
050 0 0 _aSB473
_b.D393 2006
082 0 0 _a717
_222
100 1 _aDavitt, Keith.
_96961
245 1 0 _aHardscaping :
_bhow to use structures, pathways, patios & ornaments in your garden /
_cKeith Davitt.
260 _aNew York :
_bSterling Pub. Co.,
_cc2006.
300 _a255 p. :
_bcol. ill. ;
_c26 cm.
650 0 _aLandscape gardening.
_96962
650 0 _aGarden structures.
_96963
856 4 1 _3Table of contents only
_uhttp://www.loc.gov/catdir/toc/ecip0517/2005024127.html
856 4 2 _3Publisher description
_uhttp://www.loc.gov/catdir/enhancements/fy0623/2005024127-d.html
906 _a7
_bcbc
_corignew
_d1
_eecip
_f20
_gy-gencatlg
942 _2ddc
_cBK
999 _c353798
_d353798